Estadísticas para Las 15 canciones más famosas de Dalex

Haz click aquí para intentar la prueba.

Estadísticas generales

  • Esta prueba ha sido intentada 6 veces
  • La puntuación promedio es 3 de 15

Estadísticas de respuestas

TopCanción% Correcto
04Cuaderno
83%
01Hola REMIX
50%
02Pa Mi REMIX
50%
03Bellaquita REMIX
17%
09Lucete
17%
15Matemáticas
17%
06Mejor
17%
08Perfume
17%
05Vuelva a Ver REMIX
17%
11Especial
0%
10Jockey
0%
07+Linda
0%
13+Linda REMIX
0%
12Rompe
0%
14Yo No Me Enamoro
0%

Distribución de puntuación

Porcentaje por número respondido

Porcentaje de gente con cada puntuación

Historial de tus puntuaciones

No has intentado esta prueba.